000 00597nam a22002177a 4500
003 UA-OsUOA
001 41466
007 ta
008 20080725b un ||||| |||| 00| 0 ukr d
090 _a281.9
_bТ67
942 _cBR
040 _aUA-OsUOA
_bukr
_cUA-OsUOA
_dUA-OsUOA
245 _aТридцятиріччя Колегії Св. Андрея в Вінніпезі 1946 - 1976
300 _a32 с.
955 _a4
041 _aukr
080 _a281.9
260 _aВінніпег
650 7 _a281.9 Східна православна церква і скопці
_2UDC
999 _c439967
_d439967